| 000 | 01118nam a2200313 a 4500 | ||
|---|---|---|---|
| 001 | 000113167 | ||
| 003 | CHAP | ||
| 005 | 20220329144341.0 | ||
| 008 | 170508s2016 mx sm |||||||spa d | ||
| 010 | _a109628 | ||
| 011 | _a110600 | ||
| 040 | _cCHAP | ||
| 090 | _aTesis | ||
| 100 | 1 |
_aVázquez Márquez, Gustavo Emmanuel _9132124 |
|
| 245 | 1 | 0 |
_aDescripción de un sistema de moto-aserrio _h[En línea] _cpor Gustavo Emmanuel Vázquez Márquez. |
| 260 |
_aChapingo, Méx. : _bEl autor, _c2016. |
||
| 500 | _aPara ver el contenido del material haga clic en la liga | ||
| 502 | _aTesis (Ing. Forestal Industrial) -- UACH. División de Ciencias Forestales | ||
| 590 |
_aE11695DGD _b10 _c20170511 _lUCH01 _h1027 |
||
| 590 |
_aE5765TAJ _b05 _c20170508 _lUCH01 _h0911 |
||
| 590 |
_aE5765TAJ _b05 _c20170508 _lUCH01 _h0912 |
||
| 650 | 1 | 4 |
_aAserraderos _xMaquinaria. _9128505 |
| 650 | 1 | 4 |
_aMadera _xCorte _xEvaluación. _9132126 |
| 650 | 1 | 4 |
_aSierras de cadena _xCombustible _xConsumo. _9132125 |
| 856 |
_aFinding aid _uhttp://10.13.5.2/tesis/sist113167.pdf _zTeclea aquí |
||
| 901 | _aBK | ||
| 942 | _cTESIS | ||
| 942 | _n0 | ||
| 999 |
_c109628 _d109628 |
||